[Event "North Bay int."]
[Site "North Bay CAN"]
[Date "1997.08.08"]
[Round "4"]
[White "Linskiy, Oleg"]
[Black "Kudrin, Sergey"]
[Result "0-1"]
[WhiteElo "2200"]
[BlackElo "2535"]
[PlyCount "98"]
[GameId "2160767911932244"]
[EventDate "1997.08.06"]
[EventType "swiss"]
[EventRounds "9"]
[EventCountry "CAN"]
[SourceTitle "EXT 97"]
[Source "ChessBase"]
[SourceDate "1997.11.17"]
[SourceVersion "1"]
[SourceVersionDate "1997.11.17"]
[SourceQuality "1"]

1. d4 Nf6 2. Nf3 g6 3. b3 Bg7 4. Bb2 O-O 5. g3 b6 6. Bg2 Bb7 7. c4 c5 8. O-O cxd4 9. Nxd4 Bxg2 10. Kxg2 Qc8 11. Nc3 Qb7+ 12. Kg1 Na6 13. Rc1 Nc5 14. Rc2 a6 15. Nf3 Rac8 16. Nd5 Nxd5 17. cxd5 Bxb2 18. Rxb2 Ne4 19. Qd4 f5 20. Rd1 d6 21. Kg2 b5 22. h4 Qc7 23. Ne1 Qc5 24. Nc2 Nf6 25. Ne3 Qxd4 26. Rxd4 Rc3 27. a4 Rb8 28. Rb4 Rc5 29. Rd2 a5 30. Rxb5 Rbxb5 31. axb5 Rxb5 32. Rd3 Kf7 33. Kf1 Ne4 34. Nc4 Nc5 35. Rd1 Nxb3 36. Ke1 Nc5 37. Ra1 a4 38. Ra2 Rb4 39. Nb2 h6 40. Kd2 g5 41. hxg5 hxg5 42. Nd3 Nxd3 43. exd3 Kf6 44. Ke1 Ke5 45. Kd2 Kxd5 46. Kc3 Kc5 47. Ra1 e5 48. Ra2 Rb3+ 49. Kc2 Kb4 0-1

[Event "North Bay int."]
[Site "North Bay CAN"]
[Date "1997.08.08"]
[Round "4"]
[White "Nogueiras, Jesus"]
[Black "Olszewski, Piotr"]
[Result "1/2-1/2"]
[WhiteElo "2535"]
[BlackElo "2309"]
[PlyCount "87"]
[GameId "2160767911932245"]
[EventDate "1997.08.06"]
[EventType "swiss"]
[EventRounds "9"]
[EventCountry "CAN"]
[SourceTitle "EXT 97"]
[Source "ChessBase"]
[SourceDate "1997.11.17"]
[SourceVersion "1"]
[SourceVersionDate "1997.11.17"]
[SourceQuality "1"]

1. c4 Nf6 2. Nc3 c5 3. g3 d5 4. cxd5 Nxd5 5. Bg2 Nxc3 6. bxc3 g6 7. h4 h5 8. Nh3 Qc7 9. Nf4 e6 10. O-O Bg7 11. Ba3 Nd7 12. Qa4 O-O 13. Rab1 Rd8 14. c4 Ne5 15. Qc2 Rb8 16. Bb2 b6 17. Rfd1 Bb7 18. Bxb7 Rxb7 19. Nh3 Nc6 20. Bxg7 Kxg7 21. Qc3+ Qe5 22. Qxe5+ Nxe5 23. d3 Kf6 24. Ng5 Ke7 25. Ne4 Rbd7 26. Rdc1 Nc6 27. f3 Rh8 28. Kf2 Rdd8 29. Rh1 Ne5 30. Rb5 f5 31. Nd2 Nc6 32. f4 Rb8 33. Nf3 Nb4 34. Ne5 a6 35. Rxb4 cxb4 36. Nxg6+ Kd6 37. Nxh8 Rxh8 38. Rc1 a5 39. Kf3 Rc8 40. Ke3 Rg8 41. Kf3 Rc8 42. Rb1 Kc5 43. e3 Rd8 44. Ke2 1/2-1/2

[Event "North Bay int."]
[Site "North Bay CAN"]
[Date "1997.08.08"]
[Round "4"]
[White "Teodoro, Eduardo"]
[Black "Levtchouk, George"]
[Result "1-0"]
[WhiteElo "2455"]
[BlackElo "2357"]
[PlyCount "54"]
[GameId "2160767911932246"]
[EventDate "1997.08.06"]
[EventType "swiss"]
[EventRounds "9"]
[EventCountry "CAN"]
[SourceTitle "hb 2011"]

1. e4 g6 2. d4 Bg7 3. c3 d6 4. Bd3 Nf6 5. Ne2 O-O 6. O-O e5 7. h3 Nc6 8. dxe5 Nxe5 9. Bc2 b6 10. Bg5 Ned7 11. f4 Qe7 12. Nd4 Bb7 13. Nd2 a6 14. Qe1 h6 15. Bh4 Rfe8 16. Qf2 Qf8 17. Rae1 Nh7 18. N4f3 b5 19. Bg3 Rad8 20. e5 dxe5 21. fxe5 Nc5 22. Nd4 Bd5 23. h4 Ne6 24. h5 Nxd4 25. cxd4 Re6 26. Qe2 Qb4 27. Qf2 Rd7 1-0

[Event "North Bay int."]
[Site "North Bay CAN"]
[Date "1997.08.08"]
[Round "4"]
[White "Winterton, Ken"]
[Black "Charest, Johanne"]
[Result "1-0"]
[WhiteElo "2090"]
[BlackElo "2142"]
[PlyCount "87"]
[GameId "2160767911932247"]
[EventDate "1997.08.06"]
[EventType "swiss"]
[EventRounds "9"]
[EventCountry "CAN"]
[SourceTitle "EXT 2022"]
[Source "ChessBase"]
[SourceDate "2021.10.06"]
[SourceVersion "1"]
[SourceVersionDate "2021.10.06"]
[SourceQuality "1"]

1. d4 d5 2. Bf4 Nf6 3. e3 e6 4. c3 Bd6 5. Bg3 c6 6. Nd2 Qc7 7. Bd3 Nbd7 8. f4 g5 9. Qf3 gxf4 10. Bxf4 Bxf4 11. exf4 c5 12. Ne2 c4 13. Bc2 Qd6 14. a4 a5 15. O-O Qf8 16. Ng3 h5 17. Rae1 Kd8 18. Nh1 Qg7 19. Nf2 Ng4 20. f5 Qh6 21. Re2 Ra6 22. h3 Ngf6 23. Nd1 Qg5 24. Qf4 Qxf4 25. Rxf4 Re8 26. Nf3 exf5 27. Rxe8+ Kxe8 28. Bxf5 Rc6 29. Ne5 Rb6 30. Nxd7 Bxd7 31. Bxd7+ Kxd7 32. Kf2 Ke7 33. Rf5 Ne4+ 34. Kf3 Nf6 35. Kf4 Kf8 36. Ne3 Rd6 37. g3 Ke7 38. Re5+ Kd7 39. Nf5 Re6 40. Ng7 Rb6 41. Nxh5 Nxh5+ 42. Rxh5 Rd6 43. h4 Ke7 44. Re5+ 1-0

[Event "North Bay int."]
[Site "North Bay CAN"]
[Date "1997.08.08"]
[Round "5"]
[White "Dougherty, Michael"]
[Black "Linskiy, Oleg"]
[Result "0-1"]
[WhiteElo "2265"]
[BlackElo "2200"]
[PlyCount "88"]
[GameId "2160767911932248"]
[EventDate "1997.08.06"]
[EventType "swiss"]
[EventRounds "9"]
[EventCountry "CAN"]
[SourceTitle "EXT 97"]
[Source "ChessBase"]
[SourceDate "1997.11.17"]
[SourceVersion "1"]
[SourceVersionDate "1997.11.17"]
[SourceQuality "1"]

1. Nf3 d6 2. d4 Nd7 3. c4 e5 4. Nc3 g6 5. Bg5 f6 6. Bh4 Bg7 7. e4 Nh6 8. Be2 Nf7 9. O-O O-O 10. d5 a6 11. b4 Qe8 12. Nd2 f5 13. exf5 gxf5 14. Rc1 e4 15. f4 exf3 16. Nxf3 Nde5 17. Nd4 Ng6 18. Bf2 Nfe5 19. c5 Bd7 20. cxd6 cxd6 21. Ne6 Bxe6 22. dxe6 Qxe6 23. Nd5 Rac8 24. Qb3 Kh8 25. b5 axb5 26. Qxb5 Rc6 27. Rcd1 Rc2 28. Nb4 Rc7 29. Qb6 Rd7 30. Bb5 Rdd8 31. Bc5 Nf7 32. Rfe1 Nge5 33. Bd4 f4 34. Bf1 Qe7 35. Nd3 f3 36. Kh1 Qh4 37. Bf2 Qh5 38. Nf4 Qf5 39. g3 Ra8 40. Qb3 Ng5 41. Rxd6 Ne4 42. Rxe4 Qxe4 43. Re6 Rac8 44. Nd3 Nxd3 0-1

[Event "North Bay int."]
[Site "North Bay CAN"]
[Date "1997.08.08"]
[Round "5"]
[White "Kudrin, Sergey"]
[Black "Serper, Grigory"]
[Result "1/2-1/2"]
[WhiteElo "2535"]
[BlackElo "2540"]
[PlyCount "43"]
[GameId "2160767911932250"]
[EventDate "1997.08.06"]
[EventType "swiss"]
[EventRounds "9"]
[EventCountry "CAN"]
[SourceTitle "EXT 97"]
[Source "ChessBase"]
[SourceDate "1997.11.17"]
[SourceVersion "1"]
[SourceVersionDate "1997.11.17"]
[SourceQuality "1"]

1. e4 c5 2. Nf3 d6 3. d4 cxd4 4. Nxd4 Nf6 5. Nc3 Nc6 6. Bg5 e6 7. Qd2 a6 8. O-O-O h6 9. Be3 Be7 10. f4 Bd7 11. Kb1 b5 12. Bd3 Qc7 13. Qe1 Rc8 14. Qg3 O-O 15. e5 dxe5 16. Nxc6 Bxc6 17. fxe5 Nh5 18. Qg4 Qxe5 19. Bxh6 Rfd8 20. Ne2 Bf6 21. Bc1 g6 22. Rhe1 1/2-1/2

[Event "North Bay int."]
[Site "North Bay CAN"]
[Date "1997.08.08"]
[Round "5"]
[White "Lawless, David"]
[Black "Charest, Johanne"]
[Result "0-1"]
[WhiteElo "2063"]
[BlackElo "2142"]
[PlyCount "46"]
[GameId "2160767911932251"]
[EventDate "1997.08.06"]
[EventType "swiss"]
[EventRounds "9"]
[EventCountry "CAN"]
[SourceTitle "EXT 2022"]
[Source "ChessBase"]
[SourceDate "2021.10.06"]
[SourceVersion "1"]
[SourceVersionDate "2021.10.06"]
[SourceQuality "1"]

1. e4 e5 2. Nf3 Nc6 3. Bb5 Bc5 4. O-O Nd4 5. Nxd4 Bxd4 6. c3 Bb6 7. d3 c6 8. Ba4 d6 9. Qe2 Nf6 10. h3 Bd7 11. Nd2 Qc8 12. Nc4 Bc7 13. Bb3 b5 14. Ne3 h6 15. f4 exf4 16. Rxf4 d5 17. exd5 Bxf4 18. Nf5+ Kf8 19. Qe7+ Kg8 20. dxc6 Bxf5 21. Qxf7+ Kh7 22. Bxf4 Qxc6 23. d4 Rhf8 0-1

[Event "North Bay int."]
[Site "North Bay CAN"]
[Date "1997.08.08"]
[Round "5"]
[White "Levtchouk, George"]
[Black "Gofshtein, Leonid"]
[Result "0-1"]
[WhiteElo "2357"]
[BlackElo "2552"]
[PlyCount "64"]
[GameId "2160767911932252"]
[EventDate "1997.08.06"]
[EventType "swiss"]
[EventRounds "9"]
[EventCountry "CAN"]
[SourceTitle "EXT 2022"]
[Source "ChessBase"]
[SourceDate "2021.10.06"]
[SourceVersion "1"]
[SourceVersionDate "2021.10.06"]
[SourceQuality "1"]

1. d4 Nf6 2. c4 c5 3. d5 e6 4. Nc3 exd5 5. cxd5 d6 6. e4 g6 7. f3 a6 8. a4 Bg7 9. Bg5 h6 10. Be3 O-O 11. Qd2 h5 12. Nge2 Nbd7 13. Nd1 Ne5 14. Nec3 Nh7 15. Be2 f5 16. Nf2 Qh4 17. g3 Qe7 18. O-O Bd7 19. exf5 Bxf5 20. Rae1 Rae8 21. a5 Qc7 22. Nce4 Bd7 23. f4 Ng4 24. Bxg4 Bxg4 25. Rc1 Bf3 26. Rc4 Rf5 27. Ra1 Ref8 28. Raa4 Nf6 29. Nxf6+ Bxf6 30. Nd1 Qd7 31. Ra1 Qb5 32. Rac1 Qb3 0-1

[Event "North Bay int."]
[Site "North Bay CAN"]
[Date "1997.08.08"]
[Round "5"]
[White "Liitoja, Ingvar"]
[Black "Djerkovic, Miladin"]
[Result "0-1"]
[WhiteElo "2223"]
[BlackElo "2391"]
[PlyCount "126"]
[GameId "2160767911932253"]
[EventDate "1997.08.06"]
[EventType "swiss"]
[EventRounds "9"]
[EventCountry "CAN"]
[SourceTitle "EXT 97"]
[Source "ChessBase"]
[SourceDate "1997.11.17"]
[SourceVersion "1"]
[SourceVersionDate "1997.11.17"]
[SourceQuality "1"]

1. d4 Nf6 2. Nf3 e6 3. c4 b6 4. g3 Bb7 5. Bg2 Be7 6. O-O O-O 7. Nc3 Ne4 8. Nxe4 Bxe4 9. b3 f5 10. Ne1 Bxg2 11. Nxg2 Bf6 12. Bb2 Nc6 13. Qd2 Qe8 14. Rfe1 g5 15. d5 Bxb2 16. Qxb2 Ne7 17. Qd2 h6 18. d6 cxd6 19. Qxd6 Ng6 20. Red1 Rf7 21. Rac1 Rc8 22. Qd4 Rc6 23. Rc3 Qc8 24. Rcd3 Qc7 25. Qe3 Kg7 26. Qd2 Nf8 27. Ne1 e5 28. Nc2 f4 29. Nb4 Re6 30. Rd6 Qc5 31. Rxe6 Nxe6 32. Qd6 fxg3 33. Qxc5 gxh2+ 34. Kg2 Nf4+ 35. Kxh2 bxc5 36. Nd3 Nxd3 37. Rxd3 Rxf2+ 38. Kg3 Rxe2 39. Rxd7+ Kg6 40. Rxa7 e4 41. Rc7 Re3+ 42. Kg2 Kf5 43. Rh7 h5 44. Rxh5 Kg4 45. Rh8 Re2+ 46. Kf1 Rxa2 47. Re8 Kf3 48. Rf8+ Ke3 49. Rg8 Rf2+ 50. Kg1 Rf5 51. Kg2 Kf4 52. Kf2 g4 53. Rg7 e3+ 54. Ke2 Re5 55. Rf7+ Rf5 56. Re7 Re5 57. Rd7 Ke4 58. Rd8 Kf4 59. Rd7 g3 60. Rg7 Rg5 61. Rxg5 Kxg5 62. Kxe3 Kg4 63. Ke2 Kf4 0-1

[Event "North Bay int."]
[Site "North Bay CAN"]
[Date "1997.08.08"]
[Round "5"]
[White "Murey, Jacob"]
[Black "Goldenberg, Danny"]
[Result "1-0"]
[WhiteElo "2440"]
[BlackElo "2310"]
[PlyCount "59"]
[GameId "2160767911932254"]
[EventDate "1997.08.06"]
[EventType "swiss"]
[EventRounds "9"]
[EventCountry "CAN"]
[SourceTitle "EXT 97"]
[Source "ChessBase"]
[SourceDate "1997.11.17"]
[SourceVersion "1"]
[SourceVersionDate "1997.11.17"]
[SourceQuality "1"]

1. e4 c5 2. Nf3 Nc6 3. d4 cxd4 4. Nxd4 e5 5. Nb3 Nf6 6. Bg5 Be7 7. Nc3 Nxe4 8. Nxe4 Bxg5 9. Nd6+ Ke7 10. Bc4 Qb6 11. O-O Nd8 12. Ne4 Bh6 13. Qh5 Qc7 14. Bd5 d6 15. Rad1 a5 16. Qh4+ Kf8 17. Nxd6 Qe7 18. Qc4 Be6 19. Nc5 g6 20. Bxe6 Nxe6 21. Nxe6+ Qxe6 22. Qxe6 fxe6 23. Nxb7 Ke7 24. Nd6 Rhb8 25. Nc4 Bg7 26. a4 Rd8 27. c3 e4 28. Rxd8 Rxd8 29. Re1 Kf6 30. g4 1-0

[Event "North Bay int."]
[Site "North Bay CAN"]
[Date "1997.08.08"]
[Round "5"]
[White "Serper, Grigory"]
[Black "Murey, Jacob"]
[Result "1-0"]
[WhiteElo "2540"]
[BlackElo "2440"]
[PlyCount "49"]
[GameId "2160767911932255"]
[EventDate "1997.08.06"]
[EventType "swiss"]
[EventRounds "9"]
[EventCountry "CAN"]
[SourceTitle "EXT 97"]
[Source "ChessBase"]
[SourceDate "1997.11.17"]
[SourceVersion "1"]
[SourceVersionDate "1997.11.17"]
[SourceQuality "1"]

1. c4 g6 2. d4 Bg7 3. e4 d6 4. Nc3 Nf6 5. Nge2 O-O 6. Ng3 a6 7. Be2 c6 8. O-O e5 9. d5 cxd5 10. cxd5 b5 11. b4 Nbd7 12. a4 bxa4 13. Qxa4 Bb7 14. Be3 h5 15. Bg5 Kh7 16. Qa5 Bh6 17. Bxh6 Kxh6 18. Qxd8 Rfxd8 19. Bd3 Nb6 20. Na4 Nxa4 21. Rxa4 Rab8 22. f3 Bxd5 23. exd5 Nxd5 24. Bxa6 Nxb4 25. Bc4 1-0

[Event "North Bay int."]
[Site "North Bay CAN"]
[Date "1997.08.08"]
[Round "5"]
[White "Vera, Reynaldo"]
[Black "Schleifer, Michael"]
[Result "1-0"]
[WhiteElo "2530"]
[BlackElo "2310"]
[PlyCount "93"]
[GameId "2160767911932256"]
[EventDate "1997.08.06"]
[EventType "swiss"]
[EventRounds "9"]
[EventCountry "CAN"]
[SourceTitle "EXT 97"]
[Source "ChessBase"]
[SourceDate "1997.11.17"]
[SourceVersion "1"]
[SourceVersionDate "1997.11.17"]
[SourceQuality "1"]

1. d4 c5 2. d5 d6 3. c4 g6 4. e4 Bg7 5. Nf3 Nf6 6. Nc3 O-O 7. h3 e6 8. Bd3 exd5 9. exd5 Re8+ 10. Be3 Nbd7 11. O-O Nh5 12. Qd2 Ne5 13. Be2 a6 14. Rfe1 Bf8 15. Nxe5 Rxe5 16. Bxh5 Rxh5 17. Ne4 Be7 18. Bf4 Rh4 19. Bg3 Rh5 20. Bf4 Rh4 21. Bg3 Rh5 22. b4 b6 23. bxc5 bxc5 24. Rab1 Bf5 25. Rb7 Bxe4 26. Rxe4 Bf8 27. Qb2 Rh6 28. Rf4 f5 29. Rf3 a5 30. a4 Rc8 31. Kh2 Rc7 32. Rb8 Rc8 33. Rb7 Rc7 34. Rb8 Rc8 35. Rxc8 Qxc8 36. Qf6 Qd7 37. Re3 g5 38. Qxg5+ Rg6 39. Qh5 Bh6 40. Rf3 Rf6 41. Bh4 Qf7 42. Rg3+ Kf8 43. Qxf7+ Rxf7 44. Rb3 Bd2 45. Rb8+ Kg7 46. Re8 f4 47. Be7 1-0

[Event "North Bay int."]
[Site "North Bay CAN"]
[Date "1997.08.09"]
[Round "6"]
[White "Beckwith, Paul"]
[Black "Levtchouk, George"]
[Result "0-1"]
[WhiteElo "2303"]
[BlackElo "2357"]
[PlyCount "100"]
[GameId "2160767911932258"]
[EventDate "1997.08.06"]
[EventType "swiss"]
[EventRounds "9"]
[EventCountry "CAN"]
[SourceTitle "EXT 2022"]
[Source "ChessBase"]
[SourceDate "2021.10.06"]
[SourceVersion "1"]
[SourceVersionDate "2021.10.06"]
[SourceQuality "1"]

1. e4 g6 2. d4 Bg7 3. c3 d6 4. Bd3 Nf6 5. f4 O-O 6. Nf3 c5 7. O-O cxd4 8. cxd4 Nc6 9. Na3 Nb4 10. Bb1 b6 11. Nb5 Ba6 12. a4 Qd7 13. Bd2 Bxb5 14. axb5 Qxb5 15. Qa4 Qxa4 16. Rxa4 Nc6 17. Rc1 Na5 18. Bxa5 bxa5 19. e5 Nh5 20. g3 Rfc8 21. Rd1 d5 22. Rxa5 e6 23. Bd3 Rc7 24. Rc5 Rb7 25. Rd2 Rab8 26. Ra5 Bf8 27. Rc2 Be7 28. Kf2 Bd8 29. Ra6 Rxb2 30. Rxa7 Rxc2+ 31. Bxc2 Rb4 32. Ne1 Bb6 33. Ra8+ Kg7 34. g4 Rxd4 35. gxh5 Ra4+ 36. Kf3 Rxa8 37. hxg6 hxg6 38. Kg4 Ra3 39. h4 Re3 40. Nf3 Rc3 41. Ba4 Ra3 42. Be8 Ra8 43. Bc6 Rc8 44. Bd7 Rc4 45. Ng5 Be3 46. Nh3 Kf8 47. Kf3 Rc3 48. Ng5 Bc1+ 49. Kg4 Re3 50. Nf3 Re4 0-1

[Event "North Bay int."]
[Site "North Bay CAN"]
[Date "1997.08.09"]
[Round "6"]
[White "Charest, Johanne"]
[Black "Dutton, Warren"]
[Result "0-1"]
[WhiteElo "2142"]
[BlackElo "2231"]
[PlyCount "48"]
[GameId "2160767911932259"]
[EventDate "1997.08.06"]
[EventType "swiss"]
[EventRounds "9"]
[EventCountry "CAN"]
[SourceTitle "EXT 2022"]
[Source "ChessBase"]
[SourceDate "2021.10.06"]
[SourceVersion "1"]
[SourceVersionDate "2021.10.06"]
[SourceQuality "1"]

1. e4 e5 2. Nf3 Nc6 3. Bc4 Nf6 4. d4 Nxe4 5. dxe5 Nc5 6. Be3 Ne6 7. O-O Be7 8. Nc3 O-O 9. Ne4 d6 10. exd6 cxd6 11. Re1 Kh8 12. Qd2 f5 13. Neg5 Nxg5 14. Nxg5 Ne5 15. Bb3 f4 16. Bxf4 Rxf4 17. Qxf4 Bxg5 18. Qe4 Bd7 19. Rad1 Qf6 20. Rf1 Bb5 21. Qxb7 Bc6 22. Qb4 Nf3+ 23. Kh1 Bf4 24. h3 Qg5 0-1

[Event "North Bay int."]
[Site "North Bay CAN"]
[Date "1997.08.09"]
[Round "7"]
[White "Charest, Johanne"]
[Black "Chu, Stefanie"]
[Result "1-0"]
[WhiteElo "2142"]
[BlackElo "2083"]
[PlyCount "83"]
[GameId "2160767911932260"]
[EventDate "1997.08.06"]
[EventType "swiss"]
[EventRounds "9"]
[EventCountry "CAN"]
[SourceTitle "EXT 2022"]
[Source "ChessBase"]
[SourceDate "2021.10.06"]
[SourceVersion "1"]
[SourceVersionDate "2021.10.06"]
[SourceQuality "1"]

1. e4 c5 2. Nc3 e6 3. g3 d5 4. exd5 exd5 5. d4 cxd4 6. Qxd4 Be6 7. Bg2 Nc6 8. Qd1 Nf6 9. Nge2 Bb4 10. O-O h6 11. a3 Ba5 12. Be3 O-O 13. b4 Bc7 14. Nd4 Be5 15. f4 Ng4 16. Nxe6 Nxe3 17. Nxd8 Nxd1 18. Raxd1 Bxc3 19. Nxb7 Rac8 20. Nd6 Rb8 21. Bxd5 Nd4 22. Rd3 Rbd8 23. Bf3 Bxb4 24. axb4 Rxd6 25. Kf2 Rfd8 26. Rfd1 Kf8 27. c3 Nb5 28. Rxd6 Rxd6 29. Rxd6 Nxd6 30. Ke3 Ke7 31. Kd3 Kd7 32. c4 Kc7 33. g4 f5 34. g5 Nf7 35. Bd5 Nd8 36. h4 hxg5 37. hxg5 Kd6 38. Kd4 Kc7 39. Ke5 Kb6 40. Kxf5 a5 41. bxa5+ Kxa5 42. Kg6 1-0

[Event "North Bay int."]
[Site "North Bay CAN"]
[Date "1997.08.10"]
[Round "8"]
[White "Calton, Bill"]
[Black "Charest, Johanne"]
[Result "1-0"]
[WhiteElo "2034"]
[BlackElo "2142"]
[PlyCount "77"]
[GameId "2160767911932261"]
[EventDate "1997.08.06"]
[EventType "swiss"]
[EventRounds "9"]
[EventCountry "CAN"]
[SourceTitle "EXT 2022"]
[Source "ChessBase"]
[SourceDate "2021.10.06"]
[SourceVersion "1"]
[SourceVersionDate "2021.10.06"]
[SourceQuality "1"]

1. d4 d5 2. Nc3 Nf6 3. Bg5 e6 4. e3 c5 5. Nf3 Nc6 6. Be2 a6 7. O-O b5 8. e4 cxd4 9. Nxd4 Nxd4 10. Qxd4 Be7 11. exd5 exd5 12. Bxf6 Bxf6 13. Qxd5 Qxd5 14. Nxd5 Bd8 15. Bf3 Bb7 16. Rfe1+ Kf8 17. Rad1 g6 18. Nb4 Bxf3 19. gxf3 Ba5 20. Re4 Bxb4 21. Rxb4 Ra7 22. Rd8+ Kg7 23. Rxh8 Kxh8 24. a4 bxa4 25. Rxa4 Rb7 26. b3 Rc7 27. c4 Rc6 28. Kf1 Rb6 29. b4 Kg7 30. Ke2 Kf6 31. Ke3 Ke5 32. f4+ Ke6 33. c5 Rc6 34. Kd4 f5 35. Ra1 h6 36. h4 h5 37. Ra3 Kd7 38. Kd5 Rf6 39. Re3 1-0

[Event "North Bay int."]
[Site "North Bay CAN"]
[Date "1997.08.10"]
[Round "8"]
[White "Day, Lawrence"]
[Black "Linskiy, Oleg"]
[Result "0-1"]
[WhiteElo "2497"]
[BlackElo "2429"]
[PlyCount "92"]
[GameId "2160767911932262"]
[EventDate "1997.08.06"]
[EventType "swiss"]
[EventRounds "9"]
[EventCountry "CAN"]
[SourceTitle "EXT 2022"]
[Source "ChessBase"]
[SourceDate "2021.10.06"]
[SourceVersion "1"]
[SourceVersionDate "2021.10.06"]
[SourceQuality "1"]

1. e4 c6 2. d4 d5 3. e5 Bf5 4. h4 h5 5. c4 e6 6. Nc3 dxc4 7. Bxc4 Nd7 8. Nge2 Nb6 9. Bb3 Bb4 10. a3 Ba5 11. Bg5 Qd7 12. O-O f6 13. Bf4 Bxc3 14. bxc3 Ne7 15. exf6 gxf6 16. Ng3 O-O-O 17. Re1 Nbd5 18. Bd2 Ng6 19. Nxf5 exf5 20. c4 Nc7 21. Qf3 Nxh4 22. Qh3 Qxd4 23. Bc3 Qf4 24. Bxf6 Nxg2 25. Kxg2 Rhg8+ 26. Kf1 Rd2 27. Re2 Rxe2 28. Kxe2 Re8+ 29. Kf1 Qe4 30. c5 Ne6 31. Bxe6+ Rxe6 32. Bg5 h4 33. Rc1 Re8 34. Rc3 Qb1+ 35. Kg2 Re1 36. Be3 Rg1+ 37. Kf3 Qd1+ 38. Kf4 Rg4+ 39. Kxf5 Qd7+ 40. Ke5 Re4+ 41. Kxe4 Qxh3 42. Rd3 Qe6+ 43. Kd4 Qf6+ 44. Ke4 Qg6+ 45. Kd4 Qg2 46. f4 h3 0-1

[Event "North Bay int."]
[Site "North Bay CAN"]
[Date "1997.08.10"]
[Round "8"]
[White "Levtchouk, George"]
[Black "Djerkovic, Miladin"]
[Result "0-1"]
[WhiteElo "2357"]
[BlackElo "2391"]
[PlyCount "50"]
[GameId "2160767911932263"]
[EventDate "1997.08.06"]
[EventType "swiss"]
[EventRounds "9"]
[EventCountry "CAN"]
[SourceTitle "hb 2011"]

1. d4 Nf6 2. c4 e6 3. Nc3 Bb4 4. f3 d5 5. a3 Bxc3+ 6. bxc3 c5 7. e3 O-O 8. cxd5 Nxd5 9. Bd2 cxd4 10. cxd4 Nc6 11. Bd3 e5 12. e4 Nf4 13. Bxf4 exf4 14. d5 Qh4+ 15. Kf1 Ne5 16. Be2 Bd7 17. Qe1 Qf6 18. Nh3 Rac8 19. Rc1 Rxc1 20. Qxc1 Rc8 21. Qb2 Ba4 22. Nf2 Rc2 23. Qa1 h6 24. Rg1 Qb6 25. Qe1 Rxe2 0-1

[Event "North Bay int."]
[Site "North Bay CAN"]
[Date "1997.08.10"]
[Round "9"]
[White "Charest, Johanne"]
[Black "Chatzilias, Alexis"]
[Result "0-1"]
[WhiteElo "2142"]
[BlackElo "2042"]
[PlyCount "66"]
[GameId "2160767911932264"]
[EventDate "1997.08.06"]
[EventType "swiss"]
[EventRounds "9"]
[EventCountry "CAN"]
[SourceTitle "EXT 2022"]
[Source "ChessBase"]
[SourceDate "2021.10.06"]
[SourceVersion "1"]
[SourceVersionDate "2021.10.06"]
[SourceQuality "1"]

1. e4 c5 2. Nc3 Nc6 3. f4 g6 4. Nf3 Bg7 5. Bc4 e6 6. O-O Nge7 7. d3 O-O 8. Bb3 d6 9. Qe1 Nd4 10. Nxd4 cxd4 11. Ne2 Bd7 12. Qg3 Kh8 13. h4 Nc6 14. Bd2 Na5 15. h5 Nxb3 16. axb3 Rc8 17. Rac1 Qb6 18. Kf2 f5 19. hxg6 fxe4 20. Qh4 e3+ 21. Kg1 h6 22. Be1 Rf6 23. f5 Rxf5 24. Rxf5 exf5 25. Nf4 Qd8 26. Qh2 Qg5 27. Bh4 Qg4 28. Bf6 Kg8 29. Bxd4 Rxc2 30. Re1 Bxd4 31. Qxh6 e2+ 32. Kh1 Bg7 33. Qh7+ Kf8 0-1

[Event "North Bay int."]
[Site "North Bay CAN"]
[Date "1997.08.10"]
[Round "9"]
[White "Filipovich, David"]
[Black "Levtchouk, George"]
[Result "1/2-1/2"]
[WhiteElo "2335"]
[BlackElo "2357"]
[PlyCount "66"]
[GameId "2160767911932265"]
[EventDate "1997.08.06"]
[EventType "swiss"]
[EventRounds "9"]
[EventCountry "CAN"]
[SourceTitle "hb 2011"]

1. d4 g6 2. Nf3 Bg7 3. g3 d6 4. Bg2 Nf6 5. O-O O-O 6. b3 c6 7. Bb2 Nbd7 8. c4 a6 9. d5 c5 10. Nc3 b5 11. Nd2 bxc4 12. bxc4 Rb8 13. Qc2 e5 14. e4 Ng4 15. Nd1 f5 16. f3 Nh6 17. Nf2 Nf6 18. Rab1 g5 19. Bc3 Rxb1 20. Rxb1 g4 21. Re1 gxf3 22. Bxf3 Nfg4 23. Nxg4 Nxg4 24. Bxg4 fxg4 25. Rf1 Bh6 26. Rxf8+ Qxf8 27. Qd3 Bd7 28. Nf1 Bg5 29. Bd2 Bxd2 30. Qxd2 Ba4 31. Qg5+ Qg7 32. Qd8+ Qf8 33. Qg5+ Qg7 1/2-1/2

[Event "North Bay int."]
[Site "North Bay CAN"]
[Date "1997.08.10"]
[Round "9"]
[White "Kudrin, Sergey"]
[Black "Gofshtein, Leonid"]
[Result "1-0"]
[WhiteElo "2529"]
[BlackElo "2552"]
[PlyCount "38"]
[GameId "2160767911932266"]
[EventDate "1997.08.06"]
[EventType "swiss"]
[EventRounds "9"]
[EventCountry "CAN"]
[SourceTitle "EXT 2022"]
[Source "ChessBase"]
[SourceDate "2021.10.06"]
[SourceVersion "1"]
[SourceVersionDate "2021.10.06"]
[SourceQuality "1"]

1. e4 c5 2. Nf3 e6 3. Nc3 a6 4. d4 cxd4 5. Nxd4 b5 6. Bd3 Bb7 7. O-O Qc7 8. Re1 Bd6 9. Nf3 b4 10. e5 bxc3 11. exd6 Qxd6 12. bxc3 Nc6 13. Rb1 Rb8 14. c4 Nf6 15. Qd2 Ba8 16. Rb3 Rxb3 17. axb3 Nb4 18. Ba3 a5 19. Ne5 O-O 1-0

[Event "North Bay int."]
[Site "North Bay CAN"]
[Date "1997.08.10"]
[Round "9"]
[White "Wojtkiewicz, Aleksander"]
[Black "Serper, Grigory"]
[Result "0-1"]
[WhiteElo "2564"]
[BlackElo "2540"]
[PlyCount "80"]
[GameId "2160767911932267"]
[EventDate "1997.08.06"]
[EventType "swiss"]
[EventRounds "9"]
[EventCountry "CAN"]
[SourceTitle "CFC 1997.10"]

1. Nf3 d5 2. d4 Nf6 3. c4 c6 4. Nc3 e6 5. g3 dxc4 6. Bg2 b5 7. O-O Bb7 8. Bg5 Be7 9. e4 h6 10. Bxf6 Bxf6 11. Qc2 O-O 12. Rad1 Qb6 13. Ne2 Nd7 14. Nf4 Rfd8 15. e5 Be7 16. h4 Nf8 17. Qe4 c5 18. d5 exd5 19. Nxd5 Rxd5 20. Rxd5 Rd8 21. Rfd1 Qe6 22. Nh2 Rxd5 23. Rxd5 Nd7 24. f4 Bxd5 25. Qxd5 Qxd5 26. Bxd5 Nb6 27. Bc6 b4 28. Kf2 b3 29. axb3 cxb3 30. Nf3 c4 31. Nd2 a6 32. Nb1 Bc5+ 33. Ke2 Bd4 34. Nc3 Bxc3 35. bxc3 a5 36. Kd2 a4 37. Kc1 a3 38. Kb1 Kf8 39. Kc1 Ke7 40. Kb1 Ke6 0-1